[Event "Online Olym Div3 A 2021"]
[Site "chess.com INT"]
[Date "2021.08.29"]
[Round "9.5"]
[Board "2"]
[White "Khumnorkaew, Tupfah"]
[Black "Gurbanov, Andrei"]
[Result "1-0"]
[BlackTitle "IM"]
[WhiteElo "2123"]
[BlackElo "2259"]
[WhiteTeam "Thailand"]
[BlackTeam "IPCA"]
[WhiteFideId "6202071"]
[BlackFideId "13503391"]
[EventDate "2021.08.27"]
[EventType "team"]

1. e4 e5 2. Nf3 Nc6 3. Bb5 f5 4. d3 fxe4 5. dxe4 Nf6 6. O-O Bc5 7. Nc3 d6 8. Bg5
O-O 9. Nd5 Kh8 10. c3 Ne7 11. Nxf6 gxf6 12. Be3 Bb6 13. Bxb6 axb6 14. Nh4 Rg8
15. Kh1 Rg4 16. g3 Qg8 17. Qe2 Be6 18. h3 Rxe4 19. Qf3 Rf8 20. Kh2 Bd5 21. Qh5
Qg5 22. Be2 Qxh5 23. Bxh5 Ra4 24. b3 Ra3 25. c4 Be6 26. f4 Rfa8 27. Rf2 Nc6 28.
fxe5 fxe5 29. g4 Nd4 30. Bf7 Bxf7 31. Rxf7 Rxa2+ 32. Rxa2 Rxa2+ 33. Kg3 Rb2 34.
Nf5 Rxb3+ 35. Kh4 Nxf5+ 36. gxf5 Rc3 37. Kg5 Rxh3 38. Kf6 Rh6+ 39. Ke7 e4 40. f6
Rg6 41. Rf8+ Rg8 42. Rxg8+ Kxg8 43. f7+ 1-0

[Event "Online Olym Div3 A 2021"]
[Site "chess.com INT"]
[Date "2021.08.29"]
[Round "9.5"]
[Board "3"]
[White "Aleksandrova, Aleksandra"]
[Black "Atikankhotchasee, Manunthon"]
[Result "1-0"]
[WhiteTitle "WFM"]
[BlackTitle "WFM"]
[WhiteElo "1731"]
[BlackElo "1548"]
[WhiteTeam "IPCA"]
[BlackTeam "Thailand"]
[WhiteFideId "4144198"]
[BlackFideId "6203191"]
[EventDate "2021.08.27"]
[EventType "team"]

1. d4 Nf6 2. e3 g6 3. Nd2 Bg7 4. c3 b6 5. Be2 Bb7 6. Bf3 Bxf3 7. Qxf3 Na6 8. e4
c5 9. e5 Ng8 10. Qe2 Nc7 11. Ne4 cxd4 12. cxd4 f6 13. exf6 Nxf6 14. Nd6+ Kf8 15.
Ne4 Rc8 16. Nf3 Nfd5 17. O-O Ne6 18. Nfg5 Nxg5 19. Nxg5 h6 20. Qf3+ Nf6 21. Nh3
Kg8 22. Qd3 g5 23. f4 g4 24. Nf2 e6 25. Bd2 h5 26. f5 h4 27. fxe6 dxe6 28. Bg5
g3 29. Ne4 gxh2+ 30. Kh1 Nxe4 31. Bxd8 Ng3+ 32. Kxh2 Nxf1+ 33. Rxf1 Rxd8 34. Rf4
Be5 35. Qg6+ Bg7 36. Qf7+ Kh7 37. Rxh4# 1-0

[Event "Online Olym Div3 A 2021"]
[Site "chess.com INT"]
[Date "2021.08.29"]
[Round "9.5"]
[Board "4"]
[White "Taweesupmun, Chanida"]
[Black "Kaydanovich, Marina"]
[Result "0-1"]
[WhiteTitle "WCM"]
[BlackTitle "WIM"]
[WhiteElo "1618"]
[BlackElo "1737"]
[WhiteTeam "Thailand"]
[BlackTeam "IPCA"]
[WhiteFideId "6200117"]
[BlackFideId "4134877"]
[EventDate "2021.08.27"]
[EventType "team"]

1. d4 d5 2. Nf3 Nf6 3. c4 c6 4. Bf4 e6 5. e3 Bd6 6. Bg3 O-O 7. Bd3 Re8 8. Nc3
dxc4 9. Bxc4 b5 10. Bd3 Bb7 11. Bxd6 Qxd6 12. O-O Nbd7 13. Rc1 Rad8 14. h3 e5
15. dxe5 Nxe5 16. Nxe5 Qxe5 17. Qc2 h6 18. Rcd1 a6 19. b4 c5 20. bxc5 Qxc5 21.
Qb3 Qg5 22. e4 Nh5 23. Be2 Nf4 24. Bf3 Nxh3+ 25. Kh2 Nf4 26. Nd5 Bxd5 27. exd5
Rd6 28. g3 Ng6 29. Rfe1 Red8 30. Re3 Ne5 31. Bg2 Ng4+ 32. Kg1 Nxe3 33. fxe3 Qxg3
34. e4 Qxb3 35. axb3 f6 36. Rc1 Kf7 37. Kf2 Ke7 38. Ke3 g6 39. Kd4 h5 40. Bh3 f5
41. Rc7+ Kf8 42. exf5 Rxd5+ 43. Ke4 gxf5+ 44. Bxf5 Rd4+ 45. Ke5 R4d5+ 46. Ke4
R8d6 47. Rh7 Rc5 48. Rxh5 Rdd5 49. Kf4 a5 50. Kg4 a4 51. bxa4 bxa4 52. Rg5 a3
53. Rh5 a2 54. Rh8+ Kg7 55. Rh7+ Kf6 0-1

[Event "Online Olym Div3 A 2021"]
[Site "chess.com INT"]
[Date "2021.08.29"]
[Round "9.5"]
[Board "5"]
[White "Lipilin, Ilia"]
[Black "Laohawirapap, Prin"]
[Result "1/2-1/2"]
[WhiteTitle "FM"]
[BlackTitle "CM"]
[WhiteElo "2189"]
[BlackElo "2125"]
[WhiteTeam "IPCA"]
[BlackTeam "Thailand"]
[WhiteFideId "54113245"]
[BlackFideId "6205003"]
[EventDate "2021.08.27"]
[EventType "team"]

1. f4 c5 2. Nf3 g6 3. g3 Bg7 4. Bg2 Nc6 5. d3 d5 6. O-O e6 7. c3 Nge7 8. e4 O-O
9. e5 f6 10. exf6 Bxf6 11. Be3 Qd6 12. Nbd2 Bd7 13. Nb3 b6 14. d4 c4 15. Nbd2
Bg7 16. Qe2 b5 17. Rae1 b4 18. Bh3 Rab8 19. Bf2 bxc3 20. bxc3 Qa3 21. Nb1 Qa5
22. Bxe6+ Bxe6 23. Qxe6+ Kh8 24. Ng5 h6 25. Nf3 Qxa2 26. Nh4 Kh7 27. Qd6 Rb2 28.
Na3 Rd8 29. Qc5 Rd7 30. f5 gxf5 31. Nxf5 Nxf5 32. Qxc6 Rd6 33. Qc5 Rf6 34. Ra1
Qb3 35. Qxd5 Qxc3 36. Qxc4 Qf3 37. Nc2 Rc6 38. Ne1 Qe4 39. Qd3 Qxd3 40. Nxd3 Rd2
41. Ne5 Rc7 42. Rfd1 Re2 43. Re1 Rb2 44. g4 Nd6 45. Rec1 Re7 46. Rab1 Rd2 47.
Rd1 Rc2 48. Rbc1 Rb2 49. Nd3 Rbe2 50. Re1 Rxe1+ 51. Rxe1 Rxe1+ 52. Nxe1 a5 53.
Nc2 Nb5 54. d5 a4 55. Bc5 Kg8 56. Kf2 Bb2 57. d6 Kf7 58. d7 Bf6 59. Be3 Ke6 60.
Bxh6 Kxd7 61. g5 Bb2 62. g6 Ke6 63. Bg5 Kf5 64. Bc1 Bg7 65. Na3 Nxa3 66. Bxa3
Kxg6 67. Ke3 Kh5 68. Kd3 Kh4 69. Kc4 Kh3 70. Kb4 Kxh2 71. Kxa4 1/2-1/2

[Event "Online Olym Div3 A 2021"]
[Site "chess.com INT"]
[Date "2021.08.29"]
[Round "9.5"]
[Board "6"]
[White "Prommuang, Araya"]
[Black "Dorozhkina, Mariya"]
[Result "0-1"]
[WhiteTitle "WCM"]
[BlackTitle "WFM"]
[WhiteElo "1563"]
[BlackElo "1714"]
[WhiteTeam "Thailand"]
[BlackTeam "IPCA"]
[WhiteFideId "6204996"]
[BlackFideId "54132185"]
[EventDate "2021.08.27"]
[EventType "team"]

1. e4 c5 2. Nf3 Nc6 3. d4 cxd4 4. Nxd4 Nf6 5. Nc3 g6 6. Be3 Bg7 7. Bc4 O-O 8.
Bb3 d6 9. f3 Qa5 10. Qd2 Rd8 11. O-O-O a6 12. h4 Ne5 13. Kb1 Bd7 14. g4 b5 15.
Nd5 Qxd2 16. Nxe7+ Kf8 17. Nxg6+ hxg6 18. Rxd2 Nc4 19. Bxc4 bxc4 20. b3 c3 21.
Rg2 a5 22. h5 a4 23. h6 Bh8 24. h7 axb3 25. Nxb3 Ra4 26. Bg5 Ke7 27. Rgh2 Rda8
28. Re2 Rxa2 29. Rhh2 Be6 30. f4 Rb2+ 31. Kc1 Bxb3 32. Bxf6+ Bxf6 0-1